000
00183 a2200097 4500
020
_a
9788434814615
041
_a
spa
100
_a
Mateos, Pilar
245
_a
La Bruja Mon
942
_c
BK
999
_c
28612
_d
28612